书目信息 |
| 题名: |
正方形的乡愁:阮义忠经典摄影集
|
|
| 作者: | 阮义忠 著 | |
| 分册: | ||
| 出版信息: | 杭州 浙江摄影出版社 2018.04 |
|
| 页数: | 191页 | |
| 开本: | 29cm | |
| 丛书名: | ||
| 单 册: | ||
| 中图分类: | J421.8 | |
| 科图分类: | ||
| 主题词: | 摄影集--中国--现代 | |
| 电子资源: | ||
| ISBN: | 978-7-5514-2155-3 | |
| 000 | 01089nam0 2200265 450 | |
| 001 | 1300 | |
| 005 | 20180928075836.45 | |
| 010 | @a978-7-5514-2155-3@b精装@dCNY280.00 | |
| 100 | @a20180612d2018 em y0chiy50 ea | |
| 101 | 0 | @achi |
| 102 | @aCN@b330000 | |
| 105 | @aa z 000yy | |
| 200 | 1 | @a正方形的乡愁:阮义忠经典摄影集@Azheng fang xing de xiang chou:ruan yi zhong jing dian she ying ji@9zheng fang xing de xiang chou@e阮义忠经典摄影集@f阮义忠著 |
| 210 | @a杭州@c浙江摄影出版社@d2018.04 | |
| 215 | @a191页@c照片@d29cm | |
| 312 | @a封面英文题名:Square of nostalgia: Juan I-Jong photographs | |
| 314 | @a本书无题名页,200字段信息取自版权页 | |
| 330 | @a本书分“一个时代的刻痕”“家园去来”“难得的时光”“乡愁不再狭隘”四个单元,用照片抒发了阮义忠对故乡的眷恋和心中的乡愁。 | |
| 510 | 1 | @aSquare of nostalgia@eJuan I-Jong photographs@zeng |
| 517 | 1 | @a阮义忠经典摄影集@9ruan yi zhong jing dian she ying ji |
| 606 | 0 | @a摄影集@y中国@z现代 |
| 690 | @aJ421.8@v5 | |
| 701 | 0 | @a阮义忠@9ruan yi zhong@f(1950-)@4著 |
| 801 | 0 | @aCN@b91MARC@c20180612 |
| 905 | @aMuseLib@dJ421.8@e383 | |
| 正方形的乡愁:阮义忠经典摄影集:阮义忠经典摄影集/阮义忠著.-杭州:浙江摄影出版社,2018.04 |
| 191页:照片;29cm |
| ISBN 978-7-5514-2155-3(精装):CNY280.00 |
| 本书分“一个时代的刻痕”“家园去来”“难得的时光”“乡愁不再狭隘”四个单元,用照片抒发了阮义忠对故乡的眷恋和心中的乡愁。 |
| ● |
| 相关链接 |
|
|
|
|
正题名:正方形的乡愁:阮义忠经典摄影集
索取号:J421.8/383
 
预约/预借
| 序号 | 登录号 | 条形码 | 馆藏地/架位号 | 状态 | 备注 |
| 1 | 1122075 | 211220757 | 第一样本阅览室/ [索取号:J421.8/383] | 在馆 | |
| 2 | 1122076 | 211220766 | 密集书库-物理学院/ [索取号:J421.8/383] | 在馆 |